000 00578nam a2200217Ia 4500
005 20250508164346.0
008 008 250505s9999 xx 000 0 hin d
020 _a81-87171-41-3
037 _aReference
040 _aFEDL
_beng
_cFEDL
041 _ahin
_2hin
084 _a510, EKL/RR
_qFEDL
100 _aPortman Jain
_9777623
245 0 _aGanit ki gatividhiyan
260 _aBhopal, India
_bEklavya
_c2002
300 _a108p
365 _aINR
_b100
700 _a Richardson Jeremi
_9777917
942 _cREF
_h510, EKL/RR
999 _c1388734
_d1388734